000 01080cam a2200265 i 4500
003 SA-RiAUC
005 20250818060553.0
008 250801s1982 su o g f00000 ara c
040 _aSA-RiAUC
_bara
_cSA-RiAUC
_erda
043 _aa-su---
082 0 4 _a953.122
_qSA-RiAUC
090 _a953.122
_bب ل ي
100 1 _aالبليهشي، محمد صالح محمد،
_d1361 هجري-
_eمؤلف.
245 1 2 _aالمدينة اليوم :
_bالمدينة المنورة في بداية القرن الخامس عشر /
_cتأليف محمد صالح البليهشي.
250 _aالطبعة الأولى.
264 1 _aالمدينة المنورة :
_bنادي المدينة المنورة الأدبي،
_c1982
300 _a346 صفحة :
_bصور ؛
_c24 سم
336 _aنص
_btxt
_2rdacontent
_3كتاب
337 _aبدون وسيط
_bn
_2rdamedia
338 _aمجلد
_bnc
_2rdacarrier
651 7 _aالمدينة المنورة
_xجغرافيا
_2aucsh
942 _2ddc
_cBOOK
_n0
949 _aSA-JeALM
_d250801
_umohamedma123
_n1
999 _c10915
_d10915